مهارات التعامل مع الآخرين والجمهور = (رقم التسجيلة. 23882)
[ عرض عادي ]
| 000 -الفاتح | |
|---|---|
| حقل البيانات ثابتة الطول | 01015nam a22002417a 4500 |
| 003 - محدد رقم الضبط | |
| رقم الضبط | OSt |
| 005 - وقت وتاريخ اخر تعامل مع التسجيلة | |
| رقم الضبط | 20150408114041.0 |
| 008 - عناصر البيانات ثابتة الطول - معلومات عامة | |
| حقل البيانات ثابتة الطول | 120530s2011 ua k g b 000 0 ara d |
| 020 ## - الرقم الدولى المعيارى للكتب | |
| الرقم الدولى المعيارى للكتاب | 9772372649 |
| 040 ## - مصدر الفهرسة | |
| وكالة النسخ | MU |
| 082 #4 - رقم تصنيف ديوى العشرى | |
| رقم الطبعة | 21 |
| رقم التصنيف | 658.3145 هـ م م |
| 100 ## - المدخل الرئيسى - إسم شخصى | |
| الإسم الشخصى | هلال، محمد عبد الغني حسن، |
| التواريخ المصاحبة للاسم | 1948- |
| 9 (RLIN) | 15369 |
| 245 ## - بيان العنوان | |
| العنوان | مهارات التعامل مع الآخرين والجمهور = |
| بقية العنوان | Dealing with public and others : سلوكيات التعامل والتواصل مع الآخر / |
| بيان المسئوليه,etc | محمد عبد الغني حسن هلال. |
| 246 31 - العنوان الموازى | |
| عنوان صحيح/عنوان مختصر | Dealing with public and others |
| 260 ## - PUBLICATION, DISTRIBUTION, ETC. (IMPRINT) | |
| مكان الناشر او الموزع | القاهرة : |
| اسم الناشر او الموزع | مركز تطوير الأداء والتنمية، |
| تاريخ النشر أو التوزيع | 2011 |
| 300 ## - الوصف المادى | |
| التعداد | 171 ص. : |
| تفاصيل ماديه اخرى للوعاء | أشكال ؛ |
| أبعاد الوعاء | 24 سم. |
| 490 ## - بيان السلسلة | |
| عنوان السلسلة | مهارات تطوير الأداء ؛ |
| رقم المجلد/ التعيين التسلسلي | 31 |
| 504 ## - تبصرة ببليوجرافية | |
| تبصرة ببليوجرافية,الخ | ببليوجرافية : ص. 161-162. |
| 650 #4 - المدخل الاضافى بالموضوع-مصطلح موضوعى | |
| مصطلح موضوعي أو اسم جغرافي كعنصر مدخل | إدارة الأفراد |
| 650 #4 - المدخل الاضافى بالموضوع-مصطلح موضوعى | |
| مصطلح موضوعي أو اسم جغرافي كعنصر مدخل | السلوك الإداري |
| 650 #4 - المدخل الاضافى بالموضوع-مصطلح موضوعى | |
| مصطلح موضوعي أو اسم جغرافي كعنصر مدخل | العلاقات الإنسانية |
| 942 ## - عناصر المدخل الإضافي( كوها) | |
| مصدر التصنيف او مخطط الترفيف | Dewey Decimal Classification |
| Koha [default] item type | DVD |
| حالة الفقد | نموذج السعر الفعال | حالة تلف | ليس للاعارة | رقم الطلب | رقم النسخة | تاريخ الاكتساب | الموقع الحالي | الباركود | الفرع الرئيسي | Date last seen | نوع المادة فى نظام كوها | مصدر التصنيف او خطة الترفيف | Total Checkouts | Date last checked out |
|---|---|---|---|---|---|---|---|---|---|---|---|---|---|---|
| 2013-03-10 | 658.3145 هـ م م | ن1 | 2012-05-30 | المكتبة المركزية بالمجمعة (CL) | 00110383 | المكتبة المركزية بالمجمعة (CL) | 2013-03-10 | كتاب | Dewey Decimal Classification | |||||
| 2013-03-10 | 658.3145 هـ م م | ن2 | 2012-05-30 | المكتبة المركزية بالمجمعة (CL) | 00110382 | المكتبة المركزية بالمجمعة (CL) | 2013-03-10 | كتاب | Dewey Decimal Classification | |||||
| 2013-03-10 | 658.3145 هـ م م | ن3 | 2012-05-30 | المكتبة المركزية بالمجمعة (CL) | 00110381 | المكتبة المركزية بالمجمعة (CL) | 2020-11-12 | كتاب | Dewey Decimal Classification | 1 | 2020-10-12 | |||
| 2013-03-10 | 658.3145 هـ م م | ن1 | 2012-05-30 | قسم الاجراءات الفنية (IC) | 00110380 | قسم الاجراءات الفنية (IC) | 2013-03-10 | كتاب | Dewey Decimal Classification | |||||
| 2013-03-10 | 658.3145 هـ م م | ن2 | 2012-05-30 | قسم الاجراءات الفنية (IC) | 00110379 | قسم الاجراءات الفنية (IC) | 2013-03-10 | كتاب | Dewey Decimal Classification | |||||
| 2013-03-10 | 658.3145 هـ م م | ن1 | 2012-05-30 | مكتبة كلية العلوم و الدراسات الإنسانية برماح - طالبات (SRF) | 00110378 | مكتبة كلية العلوم و الدراسات الإنسانية برماح - طالبات (SRF) | 2013-03-10 | كتاب | Dewey Decimal Classification | |||||
| 2013-03-10 | 658.3145 هـ م م | ن2 | 2012-05-30 | مكتبة كلية العلوم و الدراسات الإنسانية برماح - طالبات (SRF) | 00110377 | مكتبة كلية العلوم و الدراسات الإنسانية برماح - طالبات (SRF) | 2013-03-10 | كتاب | Dewey Decimal Classification | |||||
| 2013-03-10 | 658.3145 هـ م م | ن 1 | 2012-07-30 | مكتبة كلية العلوم و الدراسات الإنسانية برماح - طلاب (SRM) | 00108984 | مكتبة كلية العلوم و الدراسات الإنسانية برماح - طلاب (SRM) | 2013-03-10 | كتاب | Dewey Decimal Classification | |||||
| 2013-03-10 | 658.3145 هـ م م | ن 2 | 2012-07-30 | مكتبة كلية العلوم و الدراسات الإنسانية برماح - طلاب (SRM) | 00108983 | مكتبة كلية العلوم و الدراسات الإنسانية برماح - طلاب (SRM) | 2013-03-10 | كتاب | Dewey Decimal Classification |
